Internationale Arbeitsteilung in EWG und COMECON (Record no. 7102)

MARC details
000 -LEADER
fixed length control field 00486nam a22001937i 4500
001 - CONTROL NUMBER
control field 8489
003 - CONTROL NUMBER IDENTIFIER
control field OSt
005 - DATE AND TIME OF LATEST TRANSACTION
control field 20170126082411.0
007 - PHYSICAL DESCRIPTION FIXED FIELD--GENERAL INFORMATION
fixed length control field tu
008 - FIXED-LENGTH DATA ELEMENTS--GENERAL INFORMATION
fixed length control field 161220s1973 xxu||||| |||| 00| 0 d
020 ## - INTERNATIONAL STANDARD BOOK NUMBER
International Standard Book Number 3-442-75009-1
024 7# - OTHER STANDARD IDENTIFIER
Standard number or code 8489
Source of number or code RID
040 ## - CATALOGING SOURCE
Transcribing agency OSt
100 1# - MAIN ENTRY--PERSONAL NAME
Personal name Pascaly, Franz Joachim
245 00 - TITLE STATEMENT
Title Internationale Arbeitsteilung in EWG und COMECON
260 ## - PUBLICATION, DISTRIBUTION, ETC.
Place of publication, distribution, etc. München :
Name of publisher, distributor, etc. Wilhelm Goldmann Verl.,
Date of publication, distribution, etc. 1973.
300 ## - PHYSICAL DESCRIPTION
Extent 161 S.
490 ## - SERIES STATEMENT
Series statement Das Wissenschaftliche Taschenbuch
942 ## - ADDED ENTRY ELEMENTS (KOHA)
Koha item type Book
Holdings
Withdrawn status Lost status Damaged status Not for loan Home library Current library Shelving location Date acquired Inventory number Total Checkouts Full call number Barcode Date last seen Price effective from Koha item type
        WIIW WIIW Souterrain 08/22/2013 8489   I-54 10005772 01/26/2017 01/26/2017 Book
The Vienna Instiute for International Economic Studies (wiiw)